The world of work (Record no. 1448735)

MARC details
000 -LEADER
fixed length control field 00562nam a2200205Ia 4500
005 - DATE AND TIME OF LATEST TRANSACTION
control field 20250923145229.0
008 - FIXED-LENGTH DATA ELEMENTS--GENERAL INFORMATION
fixed length control field 008 250917s9999 xx 000 0 eng d
037 ## - SOURCE OF ACQUISITION
Stock number Textual
040 ## - CATALOGING SOURCE
Original cataloging agency DSWL
Language of cataloging eng
Transcribing agency DSWL
041 ## - LANGUAGE CODE
Language code of text/sound track or separate title eng
Source of code eng
084 ## - COLON CLASSIFICATION NUMBER
Classification number T9(Y4).2, N70
Assigning agency DSWL
100 ## - MAIN ENTRY--PERSONAL NAME
Personal name Pandit, J.L.
9 (RLIN) 833152
245 #4 - TITLE STATEMENT
Title The world of work
Statement of responsibility, etc. by J.L. Pandit
260 ## - PUBLICATION, DISTRIBUTION, ETC.
Place of publication, distribution, etc. Bombay
Name of publisher, distributor, etc. Orient Longmans
Date of publication, distribution, etc. 1970
300 ## - PHYSICAL DESCRIPTION
Extent 252p.
365 ## - TRADE PRICE
Price type code INR
Price amount 25.00
925 ## -
-- 25.00
942 ## - ADDED ENTRY ELEMENTS (KOHA)
Koha item type Textual
Classification part T9(Y4).2, N70
Holdings
Withdrawn status Lost status Damaged status Not for loan Home library Current library Date acquired Inventory number Total Checkouts Full call number Barcode Date last seen Price effective from Koha item type
        Department of Social Work Library Department of Social Work Library 2025-09-23 M/1862/70 07/09/1970   T9(Y4).2, N70 SW0014600 2025-09-23 2025-09-23 Textual
Copyright @ Delhi University Library System